Voces en el parque / (Registro nro. 30386)
[ vista simple ]
| 000 -LEADER | |
|---|---|
| fixed length control field | 00312nam a22001337a 4500 |
| 003 - CONTROL NUMBER IDENTIFIER | |
| control field | OSt |
| 005 - DATE AND TIME OF LATEST TRANSACTION | |
| control field | 20231127215025.0 |
| 008 - FIXED-LENGTH DATA ELEMENTS--GENERAL INFORMATION | |
| fixed length control field | 231127b |||||||| |||| 00| 0 eng d |
| 040 ## - CATALOGING SOURCE | |
| Transcribing agency | CO-JMCR |
| 082 ## - DEWEY DECIMAL CLASSIFICATION NUMBER | |
| Classification number | C / |
| Item number | BROv |
| 100 ## - MAIN ENTRY--PERSONAL NAME | |
| Personal name | Browne, Anthony, |
| Relator term | autor |
| 9 (RLIN) | 1779 |
| 245 ## - TITLE STATEMENT | |
| Title | Voces en el parque / |
| 942 ## - ADDED ENTRY ELEMENTS (KOHA) | |
| Source of classification or shelving scheme | Dewey Decimal Classification |
| Koha item type | Books |
| Withdrawn status | Lost status | Source of classification or shelving scheme | Damaged status | Not for loan | Home library | Current library | Date acquired | Total Checkouts | Full call number | Barcode | Date last seen | Date last checked out | Price effective from | Koha item type | Public note |
|---|---|---|---|---|---|---|---|---|---|---|---|---|---|---|---|
| Dewey Decimal Classification | Biblioteca Pública José María del Castillo y Rada | Biblioteca Pública José María del Castillo y Rada | 11/27/2023 | 5 | C / BROv | 35714002573102 | 01/23/2024 | 01/23/2024 | 11/27/2023 | Books | Material interbibliotecario Biblored |